• 首页
  • 本馆介绍
  • 公告通知
  • 最新文献
  • 馆藏检索
  • 电子资源
  • 读者导购
  • 参考咨询
  • 我的图书馆
  • 登录
  • 详细信息显示
  • 放入我的书架
  • 预约/预借图书
  • 作者相关作品
  • 分类相关作品
  • 丛书相关作品
  • 出版社相关作品

书目信息

  • 表格格式
  • 工作单格式
  • 卡片格式
题名:
中国红木家具制作图谱
    
 
作者: 李岩 主编
分册: 6   组合和其他类
出版信息: 北京   中国林业出版社  2017
页数: 254页
开本: 31cm
丛书名:
单 册:
中图分类: TS664.1-64
科图分类:
主题词: 红木科--木家具--制作--中国--图谱
电子资源:
ISBN: 978-7-5038-8811-3
000 00837nam0 2200241 450
001 5850
005 20180530163008.67
010    @a978-7-5038-8811-3@b精装@dCNY328.00
100    @a20170328d2017 em y0chiy50 ea
101 0  @achi
102    @aCN@b110000
105    @aa z 000yy
200 1  @a中国红木家具制作图谱@9zhong guo hong mu jia ju zhi zuo tu pu@h6@i组合和其他类@f李岩主编
210    @a北京@c中国林业出版社@d2017
215    @a254页@d31cm
300    @a大国匠造系列
330    @a本书通过实物图、CAD三视图、精雕效果图多角度全方位展示了组合和其他类家具的制作方法。
510 1  @aAtlas of China Hongmu furniture making@hVI@iUnit & miscellaneous@zeng
606 0  @a红木科@x木家具@x制作@y中国@j图谱
690    @aTS664.1-64@v5
701  0 @a李岩@9li yan@4主编
801  0 @aCN@b91MARC@c20170328
905    @aMuseLib@dTS664.1-64@e55:6
    
    中国红木家具制作图谱.6.组合和其他类/李岩主编.-北京:中国林业出版社,2017
    254页;31cm
    大国匠造系列
    
    ISBN 978-7-5038-8811-3(精装):CNY328.00
    本书通过实物图、CAD三视图、精雕效果图多角度全方位展示了组合和其他类家具的制作方法。
●
相关链接 在E读中查询图书 在五车中查询图书 在当当中查询图书 在豆瓣中查询图书


正题名:中国红木家具制作图谱     索取号:TS664.1-64/55:6         预约/预借

序号 登录号 条形码 馆藏地/架位号 状态 备注
1 1115294   211152946   第二样本阅览室/ [索取号:TS664.1-64/55:6] 在馆    
2 1115295   211152955   教育系资料室/ [索取号:TS664.1-64/55:6] 在馆    
3 1115296   211152964   教育系资料室/ [索取号:TS664.1-64/55:6] 在馆    
4 1115297   211152973   教育系资料室/ [索取号:TS664.1-64/55:6] 在馆    
唐山师范学院图书馆 欢迎您!
大连网信软件有限公司© 版权所有